Reflections on the second administrative reforms commission: An analysis of the implementation of e-governance initiatives (Record no. 523878)

000 -LEADER
fixed length control field 01579nam a22001577a 4500
008 - FIXED-LENGTH DATA ELEMENTS--GENERAL INFORMATION
fixed length control field 231011b ||||| |||| 00| 0 eng d
100 ## - MAIN ENTRY--PERSONAL NAME
Personal name Nahida Begum N.
245 ## - TITLE STATEMENT
Title Reflections on the second administrative reforms commission: An analysis of the implementation of e-governance initiatives
260 ## - PUBLICATION, DISTRIBUTION, ETC. (IMPRINT)
Place of publication, distribution, etc Indian Journal of Public Administration
300 ## - PHYSICAL DESCRIPTION
Extent 69(3), Sep, 2023: p.555-570
520 ## - SUMMARY, ETC.
Summary, etc Administrative Reforms Commission (ARC) was established by the Union Government of India to offer suggestions for the improvement of administrative machinery in India. This article focuses on the Second ARC’s Eleventh Report, which consists of recommendations on promoting e-Governance in India. The article emphasises the initiatives introduced by the Government of India to promote e-Governance and enhance civic engagement in the process of governance. These initiatives have been implemented, and some of them are in the process of implementation to promote good governance through the mechanism of e-Governance. It also highlights the implementation of the recommendations made by the ARC and the achievements and advancements made by the Bharatiya Janata Party Government under Prime Minister Narendra Modi in promoting e-Governance. The article analyses the various initiatives and offers suggestions for their improvement. – Reproduced
650 ## - SUBJECT ADDED ENTRY--TOPICAL TERM
Topical term or geographic name as entry element Administrative reforms commission, e-Governance, Civic engagement, recommendation.
9 (RLIN) 40959
773 ## - HOST ITEM ENTRY
Main entry heading Indian Journal of Public Administration
906 ## - LOCAL DATA ELEMENT F, LDF (RLIN)
Subject DIP ADMINISTRATIVE REFORMS
942 ## - ADDED ENTRY ELEMENTS (KOHA)
Item type Articles
Holdings
Withdrawn status Lost status Source of classification or shelving scheme Damaged status Not for loan Permanent location Current location Date acquired Serial Enumeration / chronology Barcode Date last seen Koha item type
          Indian Institute of Public Administration Indian Institute of Public Administration 2023-10-11 69(3), Sep, 2023: p.555-570 AR129760 2023-10-11 Articles

Powered by Koha